000 00549nam a2200181Ia 4500
008 151018s9999 xx 000 0 und d
082 _bRBASDV44694
_a920
100 _aबर्च बेव्हली
245 _aलुई ब्रेल
250 _b1
260 _bओरीयंट लॉगमन लि
_c2007
300 _a70
600 _aबर्च बेव्हली
630 _aलुई ब्रेल
700 _aबर्च बेव्हली
730 _aलुई ब्रेल
942 _cBOOK
999 _c1043891
_d1043888